| 000 | 00000nam 2200000zi 4500 |
| 001 | 9.945627 |
| 003 | CaOODSP |
| 005 | 20241127093125 |
| 006 | m o d f |
| 007 | cr bn||||||||| |
| 008 | 241127e198011##oncad ob f000 0 eng d |
| 040 | |aCaOODSP|beng|erda|cCaOODSP |
| 041 | 0 |aeng|beng|bfre |
| 086 | 1 |aEn36-522/144-1980E-PDF |
| 100 | 1 |aMarsalek, J., |eauthor. |
| 245 | 10|aEnergy losses at straight-flow-through sewer junctions / |cby J. Marsalek. |
| 264 | 1|aBurlington, Ontario : |bCanada Centre for Inland Waters, National Water Research Institute, Hydraulics Division, Environmental Hydraulics Section, |cNovember 1980. |
| 300 | |a1 online resource (vii, 22 pages, 10 unnumbered pages) : |billustrations, graphs. |
| 336 | |atext|btxt|2rdacontent |
| 337 | |acomputer|bc|2rdamedia |
| 338 | |aonline resource|bcr|2rdacarrier |
| 490 | 1 |aUnpublished report |
| 500 | |a"Project No. 74-8-22." |
| 500 | |a"Research Program for the abatement of municipal pollution within the provisions of the Canada-Ontario Agreement on Great Lakes Water Quality." |
| 500 | |a"This manuscript has been submitted to the Canada-Ontario Agreement for publication as a Research Report and the contents are subject to change. This copy is to provide information prior to publication." |
| 500 | |aDigitized edition from print [produced by Environment and Climate Change Canada]. |
| 504 | |aIncludes bibliographical references (page 22). |
| 520 | 3 |a"Energy losses at manholes are not well defined. In this report energy losses at manholes where the pipe does not change direction have been measured in a scale model. Four different invert geometries were used with two plan forms but lateral inflows were not included. Loss coefficients are given which may be used to improve hydraulic computations for sewer pipe networks"--Abstract, page i. |
| 546 | |aIncludes abstracts in English and French. |
| 650 | 0|aManholes|xDesign and construction. |
| 650 | 0|aSewer-pipe|xJoints. |
| 650 | 0|aEnergy dissipation. |
| 650 | 6|aRegards (Travaux publics)|xConception et construction. |
| 650 | 6|aTuyaux d'égout|xJoints. |
| 650 | 6|aDissipation d'énergie. |
| 710 | 2 |aCanada Centre for Inland Waters, |eissuing body. |
| 710 | 2 |aNational Water Research Institute (Canada). |bEnvironmental Hydraulics Section, |eissuing body. |
| 830 | #0|aUnpublished report (Canada Centre for Inland Waters)|w(CaOODSP)9.881827 |
| 856 | 40|qPDF|s1.34 MB|uhttps://publications.gc.ca/collections/collection_2024/eccc/en36/En36-522-144-1980-eng.pdf |